Maisie Peters - Therapy - Statistics

General Stats
  • This quiz has been taken 24 times
  • The average score is 267 of 301
Answer Stats
Answer % Correct
be,
100%
be
100%
I
100%
It
100%
it
100%
me
100%
me,
100%
the
100%
to
100%
you
100%
You
100%
you,
100%
a
94%
Back
94%
back
94%
But
94%
but
94%
From
94%
going
94%
In
94%
in
94%
it’s
94%
love
94%
never
94%
now
94%
Now
94%
So
94%
somewhere
94%
swore
94%
taking
94%
therapy,
94%
therapy
94%
therapy?
94%
was
94%
would
94%
you’d
94%
your
94%
you’re
94%
And
88%
and
88%
arms
88%
broke
88%
can’t
88%
come
88%
curse
88%
gave
88%
gone,
88%
honey,
88%
how
88%
I’m
88%
just
88%
know
88%
letting
88%
like
88%
Lord,
88%
lord,
88%
memory
88%
of
88%
Oh
88%
promise
88%
sleep
88%
talking
88%
that
88%
world
88%
door,
81%
for
81%
I’d
81%
key
81%
leave
81%
loving
81%
still
81%
there
81%
we
81%
built
75%
have
75%
loved
75%
Next
75%
than
75%
this
75%
till
75%
turning
75%
were
75%
When
75%
word
75%
wrong
75%
any
69%
At
69%
bed
69%
couldn’t
69%
girl
69%
harder
69%
knew
69%
long
69%
poison
69%
remedy
69%
shadow
69%
told
69%
will
69%
With
69%
anymore
63%
been
63%
centuries
63%
had
63%
last
63%
met
63%
touch
63%
touched
63%
ask
56%
carelessly
56%
Destiny
56%
oak,
56%
treated
56%
abandoned,
50%
Carefully
50%
least
50%
No matching quizzes found
Score Distribution
Percent of People with Each Score
Percentile by Number Answered
Your Score History
You have not taken this quiz